The Electronic communications problem solver (Record no. 68458)

000 -LEADER
fixed length control field 00439nam a22001697a 4500
003 - CONTROL NUMBER IDENTIFIER
control field NUST - PNEC
005 - DATE AND TIME OF LATEST TRANSACTION
control field 20170116181053.0
008 - FIXED-LENGTH DATA ELEMENTS--GENERAL INFORMATION
fixed length control field 150930b xxu||||| |||| 00| 0 eng d
020 ## - INTERNATIONAL STANDARD BOOK NUMBER
International Standard Book Number 0878915583
040 ## - CATALOGING SOURCE
Transcribing agency LIBRARY
082 ## - DEWEY DECIMAL CLASSIFICATION NUMBER
Classification number 621.38041 FOG
100 ## - MAIN ENTRY--PERSONAL NAME
9 (RLIN) 11957
Personal name Fogiel, Dr. M.
245 ## - TITLE STATEMENT
Title The Electronic communications problem solver
Statement of responsibility, etc. Dr. M. Fogiel
260 ## - PUBLICATION, DISTRIBUTION, ETC.
Date of publication, distribution, etc. c.1984
650 ## - SUBJECT ADDED ENTRY--TOPICAL TERM
9 (RLIN) 11958
Topical term or geographic name entry element Radio
General subdivision MS COMM
942 ## - ADDED ENTRY ELEMENTS (KOHA)
Source of classification or shelving scheme
Koha item type Book
Holdings
Withdrawn status Lost status Source of classification or shelving scheme Damaged status Not for loan Permanent Location Current Location Shelving location Date acquired Total Checkouts Full call number Barcode Date last seen Price effective from Koha item type
          Pakistan Navy Engineering College (PNEC) Pakistan Navy Engineering College (PNEC)       621.38041 FOG PNECLIB-014338 09/30/2015   Book
          Pakistan Navy Engineering College (PNEC) Pakistan Navy Engineering College (PNEC)       621.38041 FOG PNECLIB-011867 09/30/2015   Book
© 2023 Central Library, National University of Sciences and Technology. All Rights Reserved.